书目信息 |
| 题名: |
知识三角
|
|
| 作者: | ;经济合作与发展组织 著 ;上海市科学学研究所 译 | |
| 分册: | ||
| 出版信息: | 上海 上海交通大学出版社 2019.05 |
|
| 页数: | 131页 | |
| 开本: | 24cm | |
| 丛书名: | ||
| 单 册: | ||
| 中图分类: | G649.2 , G322.2 , F204 , G322.0 | |
| 科图分类: | ||
| 主题词: | 高等教育--关系--国家创新系统--研究--中国 , 科学研究组织机构--关系--国家创新系统--研究--中国 | |
| 电子资源: | ||
| ISBN: | 978-7-313-19574-6 | |
| 000 | 01745nam0 2200325 450 | |
| 001 | 0103152650 | |
| 005 | 20201103152731.0 | |
| 010 | @a978-7-313-19574-6@dCNY48.00 | |
| 100 | @a20190724d2019 em y0chiy50 ea | |
| 101 | 1 | @achi@ceng |
| 102 | @aCN@b310000 | |
| 105 | @ay z 000yy | |
| 106 | @ar | |
| 200 | 1 | @a知识三角@Azhi shi san jiao@e加强高等教育与研究机构对创新的贡献@dKnowledge triangle synthesis report@eenhancing the contributions of higher education and research to innovation@f经济合作与发展组织著@g上海市科学学研究所译@zeng |
| 210 | @a上海@c上海交通大学出版社@d2019.05 | |
| 215 | @a131页@d24cm | |
| 300 | @a全球科创中心出版工程/姜斯宪总主编 | |
| 330 | @a本书重点介绍知识三角作为一种政策框架,如何强化高等教育机构(HEIs)和公共研究机构/组织(PRIs/PROs)对国家、地方和全球层面创新生态系统的贡献。该知识三角是一种实用性的政策框架,侧重于大力整合高等教育系统的使命和功能,以及教育、研究、创新和社会参与。本书全面概述了知识三角框架的理论和实践基础,并根据经济合作与发展组织国家所实施的国家和机构改革的经验教训,提出了一套政策建议。 | |
| 510 | 1 | @aKnowledge triangle synthesis report@eenhancing the contributions of higher education and research to innovation@zeng |
| 517 | 1 | @a加强高等教育与研究机构对创新的贡献@Ajia qiang gao deng jiao yu yu yan jiu ji gou dui chuang xin de gong xian |
| 606 | 0 | @a高等教育@x关系@x国家创新系统@x研究@y中国 |
| 606 | 0 | @a科学研究组织机构@x关系@x国家创新系统@x研究@y中国 |
| 690 | @aG649.2@v5 | |
| 690 | @aG322.2@v5 | |
| 690 | @aF204@v5 | |
| 690 | @aG322.0@v5 | |
| 711 | 02 | @a经济合作与发展组织@Ajing ji he zuo yu fa zhan zu zhi@4著 |
| 712 | 02 | @a上海市科学学研究所@Ashang hai shi ke xue xue yan jiu suo@4译 |
| 801 | 0 | @aCN@bBJSZM@c20201103 |
| 905 | @b1256471-5@dG649.2@e1708@f5 | |
| 知识三角:加强高等教育与研究机构对创新的贡献=Knowledge triangle synthesis report:enhancing the contributions of higher education and research to innovation/经济合作与发展组织著/上海市科学学研究所译.-上海:上海交通大学出版社,2019.05 |
| 131页;24cm |
| 全球科创中心出版工程/姜斯宪总主编 |
| ISBN 978-7-313-19574-6:CNY48.00 |
| 本书重点介绍知识三角作为一种政策框架,如何强化高等教育机构(HEIs)和公共研究机构/组织(PRIs/PROs)对国家、地方和全球层面创新生态系统的贡献。该知识三角是一种实用性的政策框架,侧重于大力整合高等教育系统的使命和功能,以及教育、研究、创新和社会参与。本书全面概述了知识三角框架的理论和实践基础,并根据经济合作与发展组织国家所实施的国家和机构改革的经验教训,提出了一套政策建议。 |
| ● |
| 相关链接 |
|
|
|
|
正题名:知识三角
索取号:G649.2/1708
 
预约/预借
| 序号 | 登录号 | 条形码 | 馆藏地/架位号 | 状态 | 备注 |
| 1 | 1256471 | 212564713 | 第一样本阅览室/ [索取号:G649.2/1708] | 在馆 | |
| 2 | 1256472 | 212564722 | 教育系资料室/ [索取号:G649.2/1708] | 在馆 | |
| 3 | 1256473 | 212564731 | 教育系资料室/ [索取号:G649.2/1708] | 在馆 | |
| 4 | 1256474 | 212564740 | 第四借阅区/ [索取号:G649.2/1708] | 在馆 | |
| 5 | 1256475 | 212564759 | 第四借阅区/ [索取号:G649.2/1708] | 在馆 |